| 000 | 02326nam a2200217Ia 4500 | ||
|---|---|---|---|
| 999 |
_c30000 _d30000 |
||
| 003 | OSt | ||
| 005 | 20210629143853.0 | ||
| 008 | 160316s2009 xxu||||| |||| 00| 0 eng d | ||
| 020 | _a9781138267831 | ||
| 040 | _cNLS | ||
| 082 | _a340.115 GRI | ||
| 100 | _aGrillo Ralph | ||
| 245 | _aLegal practice and cultural diversity | ||
| 260 |
_aLondon _bAsghate Publishing House _c2009 |
||
| 300 |
_a345p _cxi |
||
| 365 | _b Rs. 5,700 | ||
| 505 | _aContents: Legal practice and cultural diversity: introduction, Roger Ballard, Alessandro Ferrari, Ralph Grillo, André J. Hoekema, Marcel Maussen and Prakash Shah; Cultural diversity: challenge and accommodation, Roger Ballard, Alessandro Ferrari, Ralph Grillo, André J. Hoekema, Marcel Maussen and Prakash Shah; Indian secular pluralism and its relevance for Europe, Werner Menski; Legal pluralism and differentiated morality: Shari'a in Ontario?, Veit Bader; Transforming to accommodate? Reflections on the Shari'a debate in Britain, Prakash Shah; Shari'a in a European context, Mathias Rohe; Objection, Your Honour! Accommodating niqab-wearing women in courtrooms, Natasha Bakht; The challenge of African customary laws to English legal culture, Gordon R. Woodman; Religious challenges to the secularized identity of an insecure polity: a tentative sociology of Québec's 'reasonable accommodation' debate, Jean-François Gaudreault-DesBiens; Does the Dutch judiciary pluralize domestic law?, André J. Hoekema; The influence of culture on the determination of damages: how cultural relativism affects the analysis of trauma, Alison Dundes Renteln; Jews and Muslims in France; changing responses to cultural and religious diversity, Martine Cohen; L'affaire du foulard in the shadow of the Strasbourg court: Article 9 and the public career of the veil in France, Claire de Galembert; The changing position of religious minorities in English law: the legacy of Begum, Russell Sandberg; Approaches to diversity in the domestic courts: Article 9 of the European Convention on Human Rights, Samantha Knights; Human rights in contexts of ethnic plurality: always a vehicle for liberation?, Roger Ballard; Index. | ||
| 650 | _a1. Religious Minorities - Legal Status2. Legal Polycentricity | ||
| 700 |
_aBallard Roger _aFerrari Alessandro |
||
| 942 |
_2ddc _cBK |
||